Top Languages of Writing Systems - Statistics

General Stats
  • This quiz has been taken 354 times
    321 since last reset
  • The average score is 18 of 25
Answer Stats
# Script Language % Correct
1 Latin English
98%
3 Latin French
98%
2 Latin Spanish
98%
1 Cyrillic Russian
97%
1 Chinese Mandarin
95%
1 Devanagari Hindi
92%
1 Arabic Arabic
91%
2 Cyrillic Ukrainian
91%
2 Chinese Yue
88%
4 Latin Portuguese
87%
2 Arabic Persian
85%
3 Arabic Urdu
80%
5 Cyrillic Bulgarian
77%
3 Chinese Wu
76%
4* Cyrillic Serbian
74%
3 Cyrillic Kazakh
71%
4 Chinese Min Nan
64%
4* Arabic Punjabi
63%
5 Latin Indonesian
62%
5 Arabic Pashto
60%
2 Devanagari Marathi
59%
5 Devanagari Nepali
49%
5 Chinese Jin
34%
3 Devanagari Bhojpuri
29%
4 Devanagari Maithili
29%
No matching quizzes found
Score Distribution
Percent of People with Each Score
Percentile by Number Answered
Your Score History
You have not taken this quiz since the last reset